000 01258nam0a2200373 4500
001 RU\NLR\bibl\277899
005 20250620134638.0
010 _a5-224-01948-6
_95000
021 _aRU
_b2002-5085
_9244
035 _a(NLR Aleph) 000273403
090 _a1598935
_c1598935
100 _a20020613d2001 |||y0rusy50 ca
101 0 _arus
102 _aRU
105 _ay |||||||||
200 1 _aБиология
_f[Сост. С. Слюньков]
210 _aМ.
_cОЛМА-пресс
_d2001
215 _a446,[1] с.
_d14
225 1 _aПолный справочник необходимых знаний
_eКурс полн. прогр.
300 _aНа обл. загл. подсер.: Курс школьной программы
606 0 _aБиология
_jСправочники
_9896131
_3RU\NLR\auth\664781
610 0 _aБиология - Справочники учебные
675 _a373.167.1:57
_v3
_zrus
675 _a57(075.3)
_v3
_zrus
686 _a14.25
_2rugasnti
686 _a28.0я721
_2rubbk
686 _aЕ.я29
702 1 _aСлюньков
_bС.
_4220
801 0 _aRU
_bRKP
_c20020613
_gPSBO
801 1 _aRU
_bRKP
_c20020613
801 2 _aRU
_bNLR
_c20061017
_grcr
942 _cBOOK
980 _aNB